[Event "Sideways Pawns: Testing Sideways Pawns"]
[Site "SchemingMind.com"]
[Date "2022.07.05"]
[Round "-"]
[White "David Perna-Fraser"]
[Black "Thomas Jacob Kelly"]
[Result "0-1"]
[WhiteCountry "CAN"]
[BlackCountry "USA"]
[WhiteElo "1705"]
[WhiteRD "122"]
[BlackElo "1815"]
[BlackRD "129"]
[GameID "724911"]

1. d4 e6 2. e4 d5 3. exd5 exd5 4. Nf3 Bg4 5. h3 Bxf3 6. Qxf3 h6 7. Nc3 Nf6 8. Be2 c6 9. Bf4 Nbd7 10. O-O a6
11. Rfe1 Be7 12. Bd3 O-O 13. Qe3 Re8 14. Qf3 b5 15. Bf5 Nb6 16. Bd3 Ra7 17. Re3 b4 18. Nb1 c4 19. Bf1 a5 20. c3 b5
21. Nd2 Qa8 22. Rae1 Kf8 23. a3 Na4 24. Rb1 Nxb2 25. Rxb2 Rxa3 26. Be5 Rc8 27. Bxf6 Bxf6 28. Qg3 Rxc3 29. Rxc3 Bxd4 30. Ra3 Qb7
31. Nxc4 dxc4 32. Qd6+ Qe7 33. Qxe7+ Kxe7 34. Re2+ Kd6 35. Rd2 Kc5 36. Rf3 e7 37. Rf5+ e5 38. Kh1 Rc7 39. f4 d5 40. e4 g6
41. Rf8 dxe4 42. Rd8 Be3 43. Re2 d4 44. f2 Bg5 45. Re5+ Kb6 46. Rb8+ Ka7 47. Rg8 f6 48. Ree8 d3 49. Kg2 d2 50. Ra8+ Kb6
51. Rgb8+ Rb7 52. Rxb7+ Kxb7 53. Ra1 c2 54. Kf3 c1=Q 55. Rxc1 Bxc1 56. Ke4 g6 57. f4 Kb6 58. h4 Kc5 59. f5 h6 60. Be2 d6
61. g4 d5+ 62. Kf3 d4 63. Bd1 e4+ 64. Ke2 Kb4 65. Bc2 Kc3 66. Kd1 e3 67. Bb1 d4 68. Ke2 c5 69. f4 c4 70. e4 d3+
0-1

[Event "Sideways Pawns: Testing Sideways Pawns"]
[Site "SchemingMind.com"]
[Date "2022.07.05"]
[Round "-"]
[White "Thomas Jacob Kelly"]
[Black "David Perna-Fraser"]
[Result "1-0"]
[WhiteCountry "USA"]
[BlackCountry "CAN"]
[WhiteElo "1778"]
[WhiteRD "129"]
[BlackElo "1728"]
[BlackRD "124"]
[GameID "724912"]

1. e4 e5 2. Nf3 Nf6 3. Nxe5 d6 4. Nxf7 Kxf7 5. Bc4+ d5 6. exd5 b5 7. Bxb5 Qxd5 8. Nc3 Qe5+ 9. e2 Bb4 10. Bc4+ Be6
11. Bxe6+ Qxe6 12. Bf4 Nd5 13. Qd2 Rd8 14. O-O-O Bxc3 15. bxc3 Nc6 16. Bxc7 Qh6 17. Qxh6 gxh6 18. Bxd8 Rxd8 19. c4 Nf4 20. e3 Nxg2
21. Rxd8 Nxd8 22. h3 Nh4 23. g3 Ng6 24. Rxh6 Kg7 25. Rh5 Nc6 26. a3 Nce5 27. b3 h6 28. d4 Ng4 29. Ra5 Nxf2 30. Rxa7+ Kf6
31. f3 Nh4 32. Ra8 Kg5 33. Kd2 Nh3 34. Ra5+ Kg6 35. f4 h5 36. c4 Nf2 37. b4 Ne4+ 38. Kd3 Nf2+ 39. Kc3 Nf5 40. f3 h4
41. e4 Ne7 42. Rg5+ Kh6 43. Rg2 Nd1+ 44. Kd4 Kh5 45. Rg5+ Kh6 46. Rg1 Nf2 47. b5 h3 48. b6 h2 49. Rb1 Nc6+ 50. Kd5 Nb8
51. b7 Na6 52. c5 Nb4+ 53. Kd6 Na6 54. a7 h1=Q 55. Rxh1+ Nxh1 56. a8=Q
1-0

[Event "Sideways Pawns: Testing Sideways Pawns"]
[Site "SchemingMind.com"]
[Date "2022.07.04"]
[Round "-"]
[White "surfnsuds"]
[Black "magier72"]
[Result "1-0"]
[WhiteCountry "USA"]
[BlackCountry "GER"]
[WhiteElo "1057"]
[WhiteRD "123"]
[BlackElo "1464"]
[BlackRD "116"]
[GameID "724928"]

1. e4 e5 2. Nf3 f5 3. e5 f4 4. h4 Nc6 5. Bc4 Nh6 6. Ng5 g4 7. f4 Bc5 8. d5 O-O 9. dxc6 dxc6 10. Nc3 Re8+
11. e2 Bf5 12. e4 Qxd1+ 13. Nxd1 Bxe4 14. Nxe4 Rxe4 15. Bd3 f5 16. Bxe4 fxe4 17. Bxh6 gxh6 18. Nc3 Re8 19. h5 d4 20. O-O-O dxc3
21. bxc3 Rxe2 22. h2 Be3+ 23. d2 Bf2 24. Rhf1 d6 25. a4 f4 26. g2 e4 27. Kc2 d5 28. d3 d4 29. g4 c6 30. Rb1 b6
31. c3 e4 32. Kd1 Rxd2+ 33. Kxd2 e3+ 34. Ke2 c5 35. Ra1 b7 36. Rab1 c7 37. f4 Kf7 38. g5 g6 39. Rbd1 c6 40. Rd3 c4
41. Rd4 Ke6 42. Rb1 a6 43. Rb6
1-0

[Event "Sideways Pawns: Testing Sideways Pawns"]
[Site "SchemingMind.com"]
[Date "2022.07.04"]
[Round "-"]
[White "magier72"]
[Black "surfnsuds"]
[Result "1-0"]
[WhiteCountry "GER"]
[BlackCountry "USA"]
[WhiteElo "1490"]
[WhiteRD "139"]
[BlackElo "985"]
[BlackRD "142"]
[GameID "724929"]

1. c4 c5 2. Nc3 e6 3. c2 d5 4. cxd5 d6 5. e4 c6 6. e5 d5 7. d4 Bb4 8. d2 g6 9. Nh3 f6 10. Qh5 g6
11. Qe2 Qh4 12. a3 Bxc3 13. dxc3 e7 14. Bg5 Qe4 15. O-O-O b6 16. f3 Qxe2 17. Bxe2 Be6 18. Nf4 Bf5 19. Bd3 f6 20. exf6 exf6
21. Bxf6 Nxf6 22. Bxf5 O-O 23. Be6+ Kh8 24. g3 d6 25. Rde1 Nc6 26. g2 e5 27. dxe5 dxe5 28. Nd3 Rad8 29. c2 Rd6 30. Ba2 Nd5
31. Bxd5 Rxd5 32. Re4 a5 33. Reh4 Rg8 34. Rxh7#
1-0

[Event "Sideways Pawns: Testing Sideways Pawns"]
[Site "SchemingMind.com"]
[Date "2022.07.04"]
[Round "-"]
[White "JPT"]
[Black "magier72"]
[Result "0-1"]
[WhiteCountry "INT"]
[BlackCountry "GER"]
[WhiteElo "1562"]
[WhiteRD "133"]
[BlackElo "1464"]
[BlackRD "116"]
[GameID "724930"]

1. e4 c5 2. Nc3 Nc6 3. Bb5 e5 4. Nf3 Nd4 5. Nxd4 exd4 6. Nd5 a6 7. Bc4 b5 8. Bf1 Bd6 9. d3 e7 10. Be2 e6
11. Nf4 c7 12. Bf3 Bb7 13. O-O e5 14. Nh5 Bf8 15. b3 Nf6 16. Bg5 h6 17. Bxf6 gxf6 18. Ng3 g6 19. Re1 Bb4 20. d2 d7
21. a3 Be7 22. c2 Rc8 23. Nf1 d6 24. Nd2 c6 25. Bg4 Rc7 26. a4 a5 27. Nc4 Bb4 28. Rf1 d6 29. a3 Bc5 30. Nxa5 Ba8
31. b4 Ba7 32. Nc4 h5 33. Bf3 Qd7 34. Re1 O-O 35. h3 e7 36. Kh1 Rfc8 37. Bxh5 gxh5 38. Qxh5 Qe6 39. Rg1 Kf8 40. e2 f7
41. Raf1 Ke8 42. Rf5 Rxc4 43. Rgf1 R4c7 44. Rf6 Qe7 45. h4 Bc6 46. g4 c4 47. g5 Kd8 48. g6 fxg6 49. Qxg6 Be8 50. Qg4 Qh7+
51. h2 Rg7 52. Rxd6+ Kc7 53. Qe6 Kb7 54. Rxa6 Bd7 55. Qd5+ Kxa6 56. b3 Qxh2+ 57. Kxh2 Rh8#
0-1

[Event "Sideways Pawns: Testing Sideways Pawns"]
[Site "SchemingMind.com"]
[Date "2022.07.04"]
[Round "-"]
[White "magier72"]
[Black "JPT"]
[Result "1/2-1/2"]
[WhiteCountry "GER"]
[BlackCountry "INT"]
[WhiteElo "1490"]
[WhiteRD "139"]
[BlackElo "1620"]
[BlackRD "136"]
[GameID "724931"]

1. f4 Nc6 2. Nf3 d6 3. e4 e5 4. Bc4 Bg4 5. e2 Bxf3 6. exf3 Qh4+ 7. g3 Qd8 8. Nc3 Nf6 9. Be3 Be7 10. O-O O-O
11. d2 a6 12. e2 exf4 13. Bxf4 Qd7 14. e3 Rad8 15. d4 d5 16. Bd3 Nb4 17. Rc1 Nxd3 18. Qxd3 Nh5 19. Ne2 g5 20. Bxc7 Rc8
21. Be5 f6 22. Qf5 Qxf5 23. Rxf5 Rxc1+ 24. Nxc1 fxe5 25. Rxe5 Bb4 26. Nd3 Bd2 27. f2 h6 28. Nc5 Nf6 29. a3 Rf7 30. Ne6 Ne4
31. Rxd5 Nxf2 32. Rd8+ Kh7 33. Rf8 Re7 34. Kxf2 Rxe6 35. d5 Bxe3+ 36. Kf3 Re5 37. d6 Bc5 38. d7 Bb6 39. Re8 Rd5 40. e7 Re5
41. d7 Rd5=
1/2-1/2

[Event "Sideways Pawns: Testing Sideways Pawns"]
[Site "SchemingMind.com"]
[Date "2022.07.06"]
[Round "-"]
[White "Abstract Actuary"]
[Black "magier72"]
[Result "1-0"]
[WhiteCountry "USA"]
[BlackCountry "GER"]
[WhiteElo "1700"]
[WhiteRD "123"]
[BlackElo "1460"]
[BlackRD "114"]
[GameID "724932"]

1. e4 c5 2. d4 d5 3. exd5 Qxd5 4. Nc3 Qxd4 5. Qxd4 cxd4 6. Nb5 Na6 7. Nxd4 Nf6 8. Ngf3 e6 9. Bg5 Be7 10. Ne5 d6
11. Bb5+ Bd7 12. Nxd7 Nxd7 13. Bxe7 Kxe7 14. Kd2 e6 15. Rhe1 Rhd8 16. Rad1 Ndc5 17. Kc1 Kf8 18. c3 Nc7 19. Be2 e5 20. Nb5 Rxd1+
21. Rxd1 N7e6 22. g3 Ke7 23. Bc4 a6 24. Nd6 b5 25. Nf5+ Kf6 26. Bd5 Kxf5 27. Bxa8 e4 28. Bd5 Kg4 29. h4 h5 30. b4 Nd3+
31. Kd2 Nxf2 32. Rf1 Kxg3 33. Ke3 f4+ 34. Ke2 Ng4 35. Bb7 b6 36. Bc6 c5 37. a4 Nd8 38. Bf3 Ne6 39. a5 bxa5 40. bxa5 Kxh4
41. a6 Ne5 42. a7 Nc7 43. a8=Q Nxa8 44. Bxa8 g5 45. Bb7 f5 46. Ba6 g6 47. b3 f3+ 48. Rxf3 Nxf3 49. Kxf3 Kh3 50. Bf1+ Kh2
51. a3 g4+ 52. Kf2 f4 53. a4 d5 54. a5 e5 55. a6 e4 56. a7 e3+ 57. Ke1 Kg3 58. a8=Q f3 59. Qe4 g5 60. Qe5 Kh4
61. Kf2 g3+ 62. Kg1 h3 63. Qf5 f3 64. Bxh3 h5 65. Bf1 g3 66. Qf6+ g5 67. Be2 h3 68. Qf2+ g3 69. Qf5 h5 70. Bxg4 hxg4
71. Qh7+ Kg5 72. Kg2
1-0

[Event "Sideways Pawns: Testing Sideways Pawns"]
[Site "SchemingMind.com"]
[Date "2022.07.06"]
[Round "-"]
[White "magier72"]
[Black "Abstract Actuary"]
[Result "0-1"]
[WhiteCountry "GER"]
[BlackCountry "USA"]
[WhiteElo "1464"]
[WhiteRD "116"]
[BlackElo "1671"]
[BlackRD "130"]
[GameID "724933"]

1. c4 Nf6 2. Nc3 e6 3. d4 Bb4 4. e3 O-O 5. Bd3 c5 6. e4 Nc6 7. Nf3 c7 8. O-O Bb7 9. e5 Ng4 10. d5 Nce5
11. Nxe5 Nxe5 12. e2 Nxd3 13. exd3 Bxc3 14. bxc3 exd5 15. d4 cxd4 16. exd4 d6 17. Rb1 Ba6 18. Qf3 e6 19. Ba3 e7 20. Qg3 Qd7
21. Rxf8+ Rxf8 22. Re1 d6 23. Bc1 Rf7 24. b2 Qf5 25. c2 Bb5 26. Qe3 e6 27. Qg3 d6 28. Be3 a5 29. b3 e5 30. c4 dxc4
31. bxc4 Bc6 32. Qg5 h6 33. Qxf5 Rxf5 34. Ra1 a4 35. g4 Rf3 36. d2 Kf7 37. Rf1 Rxf1+ 38. Kxf1 a3
0-1

[Event "Sideways Pawns: Testing Sideways Pawns"]
[Site "SchemingMind.com"]
[Date "2022.07.04"]
[Round "-"]
[White "magier72"]
[Black "emakis"]
[Result "0-1"]
[WhiteCountry "GER"]
[BlackCountry "GRE"]
[WhiteElo "1490"]
[WhiteRD "139"]
[BlackElo "1730"]
[BlackRD "117"]
[GameID "724934"]

1. d4 d5 2. Nf3 g6 3. Nc3 Bg7 4. Ne5 e6 5. e4 c5 6. Nxf7 Kxf7 7. d5 Bxc3+ 8. bxc3 exd5 9. exd5 Nf6 10. Bc4 Re8+
11. e5+ d5 12. O-O Rxe5 13. f4 Re8 14. Bb5 c6 15. Ba4 Kg7 16. Bb2 Qb6+ 17. Qd4 Qxd4+ 18. cxd4 Bf5 19. Rfe1 Nbd7 20. Bb3 Re4
21. Rxe4 Bxe4 22. c3 Re8 23. Re1 b5 24. Bd1 Nb6 25. b3 Kf7 26. Kf2 Bb1 27. Rxe8 Nxe8 28. a3 Be4 29. g3 Nd6 30. f3 Bf5
31. g4 Bc8 32. Be2 a5 33. Bd3 a4 34. bxa4 Nxa4 35. Bc1 Nc4 36. Kg3 c5 37. dxc5 Nxc5 38. Bc2 d4 39. b3 d3
0-1

[Event "Sideways Pawns: Testing Sideways Pawns"]
[Site "SchemingMind.com"]
[Date "2022.07.04"]
[Round "-"]
[White "emakis"]
[Black "magier72"]
[Result "1/2-1/2"]
[WhiteCountry "GRE"]
[BlackCountry "GER"]
[WhiteElo "1730"]
[WhiteRD "117"]
[BlackElo "1490"]
[BlackRD "139"]
[GameID "724935"]

1. e4 c5 2. Nf3 c7 3. Bc4 Be6 4. Bxe6 fxe6 5. O-O Nf6 6. d3 Nc6 7. c3 f7 8. Nbd2 e5 9. Nc4 Bd6 10. a4 O-O
11. Bg5 h6 12. Bh4 Re8 13. h3 Qd7 14. Bxf6 gxf6 15. Qd2 g7 16. Nh4 Qf7 17. Nf5 Rad8 18. Rae1 Ne7 19. Nce3 e6 20. Ng3 Ng6
21. Ne2 d5 22. exd5 exd5 23. Ng3 e4 24. Ngf5 Bf4 25. d4 c6 26. e2 Qc7 27. Qc2 Rf8 28. c4 Qd7 29. cxd5 cxd5 30. Qb3 Bxe3+
31. Nxe3 f4 32. Ng4 Qf5 33. e4 Qf7 34. e5 h5 35. e6 Qc7 36. Ne5 Nxe5 37. Rxe5 Qe7 38. Qf3 g4 39. Qf7+ Qxf7 40. exf7+ Rxf7
41. Rxh5 f4 42. Re5 b6 43. Rc1 e4 44. Rc6=
1/2-1/2

[Event "Sideways Pawns: Testing Sideways Pawns"]
[Site "SchemingMind.com"]
[Date "2022.07.06"]
[Round "-"]
[White "magier72"]
[Black "David Perna-Fraser"]
[Result "1/2-1/2"]
[WhiteCountry "GER"]
[BlackCountry "CAN"]
[WhiteElo "1464"]
[WhiteRD "116"]
[BlackElo "1782"]
[BlackRD "133"]
[GameID "724936"]

1. e4 e5 2. Bc4 Nf6 3. Nf3 Nxe4 4. Nc3 Nd6 5. Bb3 Be7 6. Nxe5 O-O 7. d4 Nc6 8. O-O Bf6 9. Re1 a5 10. a3 e7
11. Nd5 Bxe5 12. dxe5 Nf5 13. Ba2 e6 14. Nc3 Qxd1 15. Nxd1 Rd8 16. d5 exd5 17. Bxd5 Ncd4 18. Bb3 Nxb3 19. cxb3 Nd4 20. Bf4 Ne6
21. Bg3 f5 22. f4 Nd4 23. Rc1 Nxb3 24. Rxc7 Nd4 25. e4 fxe4 26. Nc3 Nf5 27. Nxe4 Nxg3 28. hxg3 Bf5 29. f3 Bxe4 30. fxe4 b5
31. e5 f7 32. f5 Re8 33. Rce7 Rxe7 34. Rxe7 b4 35. g4 bxa3 36. bxa3 g7 37. e5 Kf8 38. Rd7 Ke8 39. Rb7 Ra6 40. f4 e7
41. Kf2 b5 42. Rxb5 Rxa3 43. e6 Kd8 44. Rd5+ Kc8 45. Rd7 g5 46. g4=
1/2-1/2

[Event "Sideways Pawns: Testing Sideways Pawns"]
[Site "SchemingMind.com"]
[Date "2022.07.06"]
[Round "-"]
[White "David Perna-Fraser"]
[Black "magier72"]
[Result "1-0"]
[WhiteCountry "CAN"]
[BlackCountry "GER"]
[WhiteElo "1782"]
[WhiteRD "133"]
[BlackElo "1464"]
[BlackRD "116"]
[GameID "724937"]

1. e4 c5 2. Nf3 Nc6 3. d4 cxd4 4. Nxd4 Nf6 5. Nc3 a6 6. Be3 e6 7. Be2 Bb4 8. Nxc6 bxc6 9. f3 O-O 10. O-O c7
11. Qxd8 Rxd8 12. Rfd1 Bb7 13. Rxd8+ Rxd8 14. Rd1 Rxd1+ 15. Bxd1 e5 16. a3 Bf8 17. Be2 Nd7 18. Na4 b6 19. b4 b5 20. Nc5 Nxc5
21. Bxc5 h5 22. Kf2 g5 23. Kg3 Bc8 24. c4 c6 25. cxb5 axb5 26. h3 d6 27. Be3 f6 28. Bxb5 Be6 29. Be2 c6 30. Kf2 Bb3
31. g3 g6 32. Bc5 d6 33. Bb6 Kf7 34. Bb5 e6 35. a4 d5 36. exd5 exd5 37. a5 Bd6 38. a6 Bb8 39. a7 Bxa7 40. Bxa7 Ke6
41. Bc5 d4 42. Bd3 f5 43. b5 Bd5 44. b6 Bc6 45. Bc4+ d5 46. Ba6 e5 47. b7 Bxb7 48. Bxb7 f5 49. Bxd4
1-0

[Event "Sideways Pawns: Testing Sideways Pawns"]
[Site "SchemingMind.com"]
[Date "2022.07.05"]
[Round "-"]
[White "magier72"]
[Black "Thomas Jacob Kelly"]
[Result "0-1"]
[WhiteCountry "GER"]
[BlackCountry "USA"]
[WhiteElo "1464"]
[WhiteRD "116"]
[BlackElo "1731"]
[BlackRD "132"]
[GameID "724938"]

1. g4 d5 2. d4 Bxg4 3. Bg2 c6 4. Nf3 Nf6 5. Ne5 Na6 6. h3 Bf5 7. Na3 e6 8. c3 Bxa3 9. bxa3 d6 10. Nf3 Qa5
11. b2 c5 12. O-O O-O-O 13. Bf4 h6 14. Nd2 g5 15. Bh2 e7 16. b3 Qc7 17. dxc5 Qxc5 18. d3 Qb5 19. Nf3 Qb6 20. Qc2+ c5
21. c3 g4 22. Nh4 g6 23. Nxf5 gxf5 24. g3 Rh5 25. f3 e5 26. e4 f4 27. g3 Rdh8 28. gxf4 Rxh2 29. fxe5 dxe5 30. Qe2 R8h4
0-1

[Event "Sideways Pawns: Testing Sideways Pawns"]
[Site "SchemingMind.com"]
[Date "2022.07.04"]
[Round "-"]
[White "Thomas Jacob Kelly"]
[Black "magier72"]
[Result "1-0"]
[WhiteCountry "USA"]
[BlackCountry "GER"]
[WhiteElo "1710"]
[WhiteRD "134"]
[BlackElo "1490"]
[BlackRD "139"]
[GameID "724939"]

1. d4 d5 2. Nf3 Nf6 3. Bg5 Ne4 4. e3 Bg4 5. h4 h6 6. Bf4 d7 7. Be2 Bd6 8. Ne5 Bxe2 9. Qxe2 Nc6 10. c3 Be7
11. Qh5 Nd6 12. Nd2 Bf6 13. Ng4 Qe7 14. Qxd5 Qe6 15. Qf3 Nxd4 16. Nxf6+ gxf6 17. cxd4 Nf5 18. d5 Qe7 19. Kd1 e6 20. g4 Nh4
21. Qg3 g6 22. dxe6 dxe6 23. Bxc7 g5 24. Ke2 Rc8 25. Rac1 O-O 26. Bd6
1-0

[Event "Sideways Pawns: Testing Sideways Pawns"]
[Site "SchemingMind.com"]
[Date "2022.07.08"]
[Round "-"]
[White "surfnsuds"]
[Black "DANDYLIONHONEYBADGER"]
[Result "0-1"]
[WhiteCountry "USA"]
[BlackCountry "USA"]
[WhiteElo "1057"]
[WhiteRD "123"]
[BlackElo "1182"]
[BlackRD "126"]
[GameID "725040"]

1. g3 c6 2. f4 a6 3. e4 d6 4. d4 f6 5. g2 b6 6. d5 e6 7. e5 fxe5 8. fxe5 dxe5 9. d4 d5 10. Qg4 Nf6
11. Qf4 Nh5 12. Qg4 g6 13. Nf3 Bd6 14. f2 Nc6 15. c3 Nf6 16. Qg5 Na5 17. Nbd2 Be7 18. Qh6 d6 19. Qg7 Kd7 20. Qh6 Bf8
21. Qe3 Kc7 22. c4 c5 23. dxc5 bxc5 24. d4 Nd5 25. Qe4 b6 26. c4 Bb7 27. cxd5 Bxd5 28. Qd3 Bxf3 29. Nxf3 c4 30. Qc3 b5
31. Bg5 Be7 32. O-O-O Bxg5+ 33. Nxg5 Qxg5+ 34. Qd2 Qxd2+ 35. Rxd2 d5 36. e2 b4 37. Bg2 b3 38. a3 c3 39. bxc3 Nc4 40. Rdd1 Rxa3
41. Kb1 Rha8
0-1

[Event "Sideways Pawns: Testing Sideways Pawns"]
[Site "SchemingMind.com"]
[Date "2022.07.08"]
[Round "-"]
[White "DANDYLIONHONEYBADGER"]
[Black "surfnsuds"]
[Result "0-1"]
[WhiteCountry "USA"]
[BlackCountry "USA"]
[WhiteElo "1182"]
[WhiteRD "126"]
[BlackElo "1057"]
[BlackRD "123"]
[GameID "725041"]

1. e4 e5 2. g3 d5 3. exd5 Qxd5 4. Qf3 Nf6 5. Qxd5 Nxd5 6. Nf3 e4 7. Nd4 Bc5 8. c3 f4 9. f3 O-O 10. b4 Bxd4
11. cxd4 Re8+ 12. Be2 Nc6 13. a3 Bf5 14. e4 Be6 15. exd5 Bxd5 16. O-O Rxe2 17. Nc3 Re5 18. Nxd5 Rxd5 19. Re1 Kf8 20. Ra2 e7
21. h4 b6 22. g3 fxg3 23. fxg3 Rad8 24. c4 Rd3 25. Kg2 R8d4 26. Re3 Rxe3 27. dxe3 Rxc4 28. Rf2+ f7 29. Bb2 g7 30. h5 Rg4
31. f3 Rg5 32. g4 Ne5 33. Bxe5 Rxe5 34. f4 Re3 35. Rf3 Rxf3 36. Kxf3 b5 37. g5 a5 38. h6 gxh6 39. gxh6 Kg8 40. Kg4 b4
41. axb4 a4 42. f5 a3 43. g5 a2 44. Kh5 a1=Q 45. g6 Qe5+ 46. Kg4 fxg6
0-1

[Event "Sideways Pawns: Testing Sideways Pawns"]
[Site "SchemingMind.com"]
[Date "2022.07.08"]
[Round "-"]
[White "JPT"]
[Black "DANDYLIONHONEYBADGER"]
[Result "1-0"]
[WhiteCountry "INT"]
[BlackCountry "USA"]
[WhiteElo "1620"]
[WhiteRD "136"]
[BlackElo "1204"]
[BlackRD "155"]
[GameID "725042"]

1. e4 c6 2. d4 d5 3. f4 h5 4. e4 dxe4 5. Qxd8+ Kxd8 6. Bd2 a6 7. Nc3 d4 8. Ne4 Bf5 9. f3 Bxe4 10. fxe4 Nd7
11. O-O-O Ngf6 12. Bd3 Nc5 13. e5 Ng4 14. Nh3 Nxd3+ 15. cxd3 a5 16. f2 e6 17. g2 Bb4 18. g3 Bxd2+ 19. Rxd2 f6 20. f3 Nh6
21. exf6 gxf6 22. e3 Kc7 23. exd4 a4 24. e4 a3 25. Nf4 axb2+ 26. Kxb2 Rhe8 27. Rxh5 Ng8 28. Rh7+ Ne7 29. Ng6 Ra5 30. c4 d6
31. Nxe7 b5 32. Nf5+ Kb6 33. Rxd6+ Kc5 34. Rc7+ Kb4 35. Ne3 bxc4 36. Nxc4 Rc5 37. Rxc5 Kxc5 38. Kc3 f5 39. d4+ Kb5 40. Rb6+ Ka4
41. a3
1-0

[Event "Sideways Pawns: Testing Sideways Pawns"]
[Site "SchemingMind.com"]
[Date "2022.07.08"]
[Round "-"]
[White "DANDYLIONHONEYBADGER"]
[Black "JPT"]
[Result "0-1"]
[WhiteCountry "USA"]
[BlackCountry "INT"]
[WhiteElo "1204"]
[WhiteRD "155"]
[BlackElo "1620"]
[BlackRD "136"]
[GameID "725043"]

1. g3 e5 2. f3 d5 3. a3 Nf6 4. h3 Be6 5. g3 Nc6 6. c3 Be7 7. Bh3 Bxh3 8. Rxh3 Qd7 9. g2 O-O-O 10. b4 e4
11. d3 exd3 12. Qxd3 Ne5 13. Qc2 h6 14. Nd2 Rhe8 15. Bb2 Nc4 16. Nxc4 dxc4 17. Rd1 Qe6 18. Rxd8+ Rxd8 19. Rh4 h5 20. Rd4 Rxd4
21. cxd4 b5 22. e4 Qd6 23. h2 Ne8 24. e5 Qb6 25. Qf5+ Qe6 26. Qxh5 c5 27. d5 Qe3 28. Qf5+ Kd8 29. Kf1 Nd6 30. Qg4 c3
31. Qxg7 cxb2 32. Qh8+ Kc7 33. Qxb2 Nc4 34. Qa2 Qc1+ 35. Kf2 Bf6 36. bxc5 Bd4+ 37. Kg2 Qxg1+ 38. Kh3 Bxc5 39. a4 Ne3 40. axb5 Qg2+
41. Kh4 Qxh2+ 42. h3 Be7+ 43. Kh5 Qxh3#
0-1

[Event "Sideways Pawns: Testing Sideways Pawns"]
[Site "SchemingMind.com"]
[Date "2022.07.09"]
[Round "-"]
[White "Abstract Actuary"]
[Black "DANDYLIONHONEYBADGER"]
[Result "1-0"]
[WhiteCountry "USA"]
[BlackCountry "USA"]
[WhiteElo "1637"]
[WhiteRD "135"]
[BlackElo "1204"]
[BlackRD "155"]
[GameID "725044"]

1. e4 a6 2. d4 b6 3. f4 h6 4. Nf3 f6 5. Bc4 e6 6. Be3 c5 7. c3 Nc6 8. Nbd2 Na5 9. Qa4 Nxc4 10. Qxc4 d6
11. Nh4 Ne7 12. O-O c7 13. f5 Ba6 14. Qb3 Bxf1 15. Rxf1 Qc8 16. e5 Qa6 17. exf6 gxf6 18. e5 dxe5 19. dxe5 Rg8 20. exf6 Rg4
21. fxe7 Bxe7 22. Qf7+ Kd8 23. Nf5
1-0

[Event "Sideways Pawns: Testing Sideways Pawns"]
[Site "SchemingMind.com"]
[Date "2022.07.09"]
[Round "-"]
[White "DANDYLIONHONEYBADGER"]
[Black "Abstract Actuary"]
[Result "0-1"]
[WhiteCountry "USA"]
[BlackCountry "USA"]
[WhiteElo "1182"]
[WhiteRD "126"]
[BlackElo "1671"]
[BlackRD "130"]
[GameID "725045"]

1. g3 e5 2. a3 d5 3. Nf3 Bd6 4. d4 e4 5. Nh4 c5 6. dxc5 Bxc5 7. Be3 d4 8. Bd2 Nc6 9. b4 Bb6 10. Bg2 f5
11. Bh3 Nge7 12. Bg5 h6 13. Ng6 hxg5 14. Nxh8 g4 15. Bg2 Be6 16. h3 gxh3 17. Rxh3 Qd7 18. Qd2 O-O-O 19. Qg5 e5 20. Rh7 Bf5
21. Rxg7 Rxh8 22. Nd2 d5 23. O-O-O Qe6 24. Rh1 Rg8 25. Rxg8+ Qxg8 26. Qxg8+ Nxg8 27. Rh8 Ne7 28. f3 e3 29. Nb3 Kd7 30. g4 Bg6
31. g3 Nf6 32. Rh1 Ne4 33. Bxe4 dxe4 34. Rh8 Nd5 35. Rg8 Ne7 36. Rg7 Kd6 37. Nc5 c7 38. Nb7+ Ke6 39. g5 Bf5 40. Nd8+ Kd7
41. Nf7 Be6 42. Nh6 f3 43. f5 f2 44. fxe6+ Kxe6 45. Ng4 f1=Q+ 46. Kd2 e3+ 47. Kd3 Qf5+ 48. Kc4 Qxc2+ 49. Kb5 a6+ 50. Kxa6 Qa4+
51. Kb7 Qa7#
0-1

[Event "Sideways Pawns: Testing Sideways Pawns"]
[Site "SchemingMind.com"]
[Date "2022.07.08"]
[Round "-"]
[White "magier72"]
[Black "DANDYLIONHONEYBADGER"]
[Result "1-0"]
[WhiteCountry "GER"]
[BlackCountry "USA"]
[WhiteElo "1460"]
[WhiteRD "114"]
[BlackElo "1168"]
[BlackRD "126"]
[GameID "725046"]

1. c4 a6 2. b4 b5 3. d4 Bb7 4. Nf3 f6 5. Nc3 e6 6. c4 Bxb4 7. e3 c6 8. b2 Bxc3 9. dxc3 c5 10. Qd6 c7
11. Qxe6+ Ne7 12. c2 d7 13. Qd6 O-O 14. h4 Nf5 15. Qh2 d6 16. d3 Re8+ 17. e2 b6 18. g4 Ne7 19. Bf4 Bxf3 20. gxf3 Nc8
21. Qxh7+ Kf7 22. Qf5 Ne7 23. Qh5+ Ke6 24. e4 g6 25. Qh2 Nbc6 26. O-O-O a5 27. b2 a4 28. a2 a3 29. e3 b3 30. Rd2 bxa2
31. Rxa2 Rxa2 32. Qxa2 Na5 33. b4+ Kd7 34. Bb5+ Nac6 35. Qa7+ Qc7 36. Qa1 cxb4 37. b3 f6 38. Kb1 Ng6 39. Bg3 Ne5 40. d4 Nxf3
41. d5 Rxe3 42. Bxc6+ Ke7 43. Kc1 Rxb3 44. Qa2 Rc3+ 45. Kb1 b3 46. Qe2+ Ne5 47. f4 Qa7 48. fxe5 Rxg3 49. f5+ Kf7 50. Qe8#
1-0

[Event "Sideways Pawns: Testing Sideways Pawns"]
[Site "SchemingMind.com"]
[Date "2022.07.09"]
[Round "-"]
[White "DANDYLIONHONEYBADGER"]
[Black "magier72"]
[Result "0-1"]
[WhiteCountry "USA"]
[BlackCountry "GER"]
[WhiteElo "1182"]
[WhiteRD "126"]
[BlackElo "1464"]
[BlackRD "116"]
[GameID "725047"]

1. e4 c5 2. c4 Nc6 3. Nf3 e6 4. a3 c7 5. Be2 Nf6 6. d3 Nd4 7. Nxd4 cxd4 8. f3 c5 9. h3 e5 10. Bd2 Be6
11. b3 Be7 12. Bg5 O-O 13. Bxf6 Bxf6 14. O-O g6 15. Nd2 Bg7 16. g4 g5 17. Qe1 f6 18. Ra4 Bd7 19. Ra3 b5 20. b4 a6
21. Nb1 b6 22. Rxa8 Qxa8 23. a3 Be6 24. Nd2 a7 25. Bd1 Rc8 26. c2 b7 27. b3 Bf8 28. Nb1 Qa1 29. Be2 Rxc2 30. Qd1 Qb2
31. Kf2 Bxb4 32. Rh1 Bc5 33. h4 c4+ 34. Kg2 b4 35. Re1 g7 36. h5 Be3 37. Kf1 Rc1 38. Qxc1 Bxc1
0-1

[Event "Sideways Pawns: Testing Sideways Pawns"]
[Site "SchemingMind.com"]
[Date "2022.07.08"]
[Round "-"]
[White "emakis"]
[Black "DANDYLIONHONEYBADGER"]
[Result "1-0"]
[WhiteCountry "GRE"]
[BlackCountry "USA"]
[WhiteElo "1775"]
[WhiteRD "131"]
[BlackElo "1331"]
[BlackRD "215"]
[GameID "725048"]

1. d4 a6 2. c4 b6 3. e4 h6 4. Nc3 Nf6 5. Bd3 g6 6. e5 Nh5 7. g4 Nc6 8. gxh5 gxh5 9. Nf3 Nb4 10. Bb1 g6
11. Ng5
1-0

[Event "Sideways Pawns: Testing Sideways Pawns"]
[Site "SchemingMind.com"]
[Date "2022.07.08"]
[Round "-"]
[White "DANDYLIONHONEYBADGER"]
[Black "emakis"]
[Result "0-1"]
[WhiteCountry "USA"]
[BlackCountry "GRE"]
[WhiteElo "1331"]
[WhiteRD "215"]
[BlackElo "1775"]
[BlackRD "131"]
[GameID "725049"]

1. a3 d5 2. b3 Nf6 3. f3 e5 4. d3 Nc6 5. c3 Be7 6. h3 Be6 7. Bg5 Qd7 8. Bxf6 Bxf6 9. h4 a6 10. g3 d4
11. Bh3 Ne7 12. Bxe6 Qxe6 13. c4 Nf5 14. Rh3 Ne3 15. Qd2 g5 16. Qb4 Nc2+
0-1

[Event "Sideways Pawns: Testing Sideways Pawns"]
[Site "SchemingMind.com"]
[Date "2022.07.09"]
[Round "-"]
[White "David Perna-Fraser"]
[Black "DANDYLIONHONEYBADGER"]
[Result "1-0"]
[WhiteCountry "CAN"]
[BlackCountry "USA"]
[WhiteElo "1782"]
[WhiteRD "133"]
[BlackElo "1182"]
[BlackRD "126"]
[GameID "725050"]

1. e4 a6 2. d4 b6 3. h3 h6 4. g3 g6 5. Nc3 c6 6. Nf3 f6 7. Bf4 d6 8. Bc4 e6 9. a4 d5 10. exd5 exd5
11. Bxd5 e6 12. Bb3 Nc6 13. Nb5 a6 14. Nc7+ Ke7 15. Nxa8 Ke8 16. Nc7+
1-0